| 000 | 00800nam a2200181 a 4500 | ||
|---|---|---|---|
| 008 | 170109s2010 ||||||||||||||||| || u | ||
| 050 | _aCBU-UG THESIS/CHI | ||
| 100 | _aChisanga, Chilufya Peter Jnr | ||
| 245 | 1 | 4 |
_aThe potential of Sweet and Irish potatoes for sustainable livelihood in urban cities of the Copperbelt province of Zambia. _cby Chilufya Peter Chisanga Jnr |
| 260 |
_aKitwe _bCopperbelt University _c2010 |
||
| 300 | _ax, 54p.: ill. | ||
| 500 | _aBibliography | ||
| 650 | _aPOTATOES--NUTRITON SECURITY | ||
| 650 | _a POTATOES--SUSTAINABLE LIVELIHOOD--ZAMBIA | ||
| 650 | _aFOOD CROPS--POTATOES | ||
| 650 | _aPOTATOES--FOOD SUPPLY--ZAMBIA | ||
| 995 |
_aSPECIAL COLLECTIONS _e747332 _FCBU-MAIN LIBRARY (Kitwe) _jCBU-UG THESIS/CHI _M2 _UAVAILABLE _WJul 27, 2020 _yB4224 _ZUniversity Collection |
||
| 999 |
_c82076 _d82076 |
||